The Cambridge dictionary of space technology

Wedi'i Gadw mewn:
Manylion Llyfryddiaeth
Prif Awdur: Mark Williamson
Fformat: Llyfr
Iaith:Undetermined
Cyhoeddwyd: Cambridge, UK Cambridge unversity Press 2001
Pynciau:
Tagiau: Ychwanegu Tag
Dim Tagiau, Byddwch y cyntaf i dagio'r cofnod hwn!
Thư viện lưu trữ: Trung tâm Học liệu Trường Đại học Cần Thơ
LEADER 00587nam a2200193Ia 4500
001 CTU_52161
008 210402s9999 xx 000 0 und d
020 |b 595000 
082 |a 629.4'03 
082 |b W731 
100 |a Mark Williamson 
245 4 |a The Cambridge dictionary of space technology 
245 0 |c Mark Williamson 
260 |a Cambridge, UK 
260 |b Cambridge unversity Press 
260 |c 2001 
650 |a astronautics,astronomy,aerospace enginerring 
650 |x dictionaries,dictionaries,dictionaries 
980 |a Trung tâm Học liệu Trường Đại học Cần Thơ